Janus Pannonius két pythagoreus szellemű verse
Elmentve itt :
| Szerző: | |
|---|---|
| Adatforrás: | Philobibl |
| Forrásdokumentuma: | Magyar Filozófiai Szemle 34 1990/3-4., 199-203. p. |
| Dokumentumtípus: | Cikk |
| Nyelv: | magyar |
| Kulcsszavak: | reneszánsz költészet |
| LEADER | 00370nab a2200121 c 4500 | ||
|---|---|---|---|
| 001 | bibDOK00001824 | ||
| 005 | 20200924115824.4 | ||
| 008 | 060518s1990 hu hun | ||
| 100 | 1 | |a Vadász Géza | |
| 245 | 1 | 0 | |a Janus Pannonius két pythagoreus szellemű verse |c Vadász Géza |
| 695 | |a reneszánsz | ||
| 695 | |a költészet | ||
| 773 | 0 | |t Magyar Filozófiai Szemle 34 |g 1990/3-4., 199-203. p. | |